20 joueurs d’Arsenal par images - Statistiques

Statistiques générales
  • Ce quiz a été pris 174 fois
  • Le résultat moyen est 15 sur 20
Statistiques - réponses
Par images Réponse % Correct
Thierry Henry
99%
Alexandre Lacazette
96%
Bukayo Saka
96%
William Saliba
95%
Robert Pirès
92%
Robin van Persie
92%
Raheem Sterling
90%
Granit Xhaka
88%
Laurent Koscielny
86%
Cesc Fàbregas
80%
Dennis Bergkamp
77%
Mikel Merino
75%
Riccardo Calafiori
74%
Henrikh Mkhitaryan
65%
Jurriën Timber
65%
Per Mertesacker
57%
Jens Lehmann
50%
Ian Wright
46%
Thomas Vermaelen
44%
Fredrik Ljungberg
30%
Aucun quiz correspondant
Distribution des résultats
% des personnes avec chaque résultat
Percentile par nombre de réponses
Votre historique - résultats
Vous n’avez pas pris ce quiz